R&B Artists by Picture - Statistics

General Stats
  • This quiz has been taken 372 times
    337 since last reset
  • The average score is 24 of 48
Answer Stats
Picture Answer % Correct
Michael Jackson
95%
Beyonce
92%
Janet Jackson
91%
Rihanna
89%
Mariah Carey
87%
The Jackson 5
85%
Chris Brown
83%
Prince
82%
The Weeknd
82%
Whitney Houston
82%
Usher
74%
Alicia Keys
72%
Jason Derulo
71%
Stevie Wonder
70%
Aaliyah
69%
Aretha Franklin
66%
Ray Charles
61%
Lionel Richie
59%
James Brown
58%
Tina Turner
55%
Brandy
51%
Marvin Gaye
51%
Boyz II Men
47%
Ne-Yo
47%
R. Kelly
46%
Etta James
45%
The Supremes
38%
Ciara
36%
Diana Ross
36%
Mary J. Blige
35%
Toni Braxton
31%
Barry White
29%
Donna Summer
29%
Luther Vandross
29%
Chaka Khan
28%
Eryka Badu
27%
Monica
26%
Al Green
25%
Ginuwine
23%
Smokey Robinson
23%
Babyface
21%
Bill Withers
21%
Otis Redding
19%
D'Angelo
18%
Patti LaBelle
18%
Maxwell
17%
Sam Cooke
17%
Isaac Hayes
13%
No matching quizzes found
Score Distribution
Percent of People with Each Score
Percentile by Number Answered
Your Score History
You have not taken this quiz since the last reset